| 000 | 00883cam a2200301 4500500 | ||
|---|---|---|---|
| 005 | 20260329004710.0 | ||
| 041 | _afre | ||
| 042 | _adc | ||
| 100 | 1 | 0 |
_aEnjalbert, Cédric _eauthor |
| 245 | 0 | 0 | _aAli Benmakhlouf : “Je suis pour la compréhension plutôt que pour la signification” |
| 260 | _c2020. | ||
| 500 | _a78 | ||
| 690 | _aAli Benmakhlouf | ||
| 690 | _aArabe | ||
| 690 | _aAverroès | ||
| 690 | _aAvicenne | ||
| 690 | _aComité consultatif national d’éthique | ||
| 690 | _aCompréhension | ||
| 690 | _aFrege | ||
| 690 | _aLogique | ||
| 690 | _aMontaigne | ||
| 690 | _aNon-sens | ||
| 690 | _aSanté | ||
| 690 | _aSens | ||
| 690 | _aVérité | ||
| 786 | 0 | _nPhilosophie magazine | 144 | 11 | 2020-11-01 | p. 45-60 | 1951-1787 | |
| 856 | 4 | 1 | _uhttps://shs.cairn.info/magazine-philosophie-magazine-2020-11-page-45?lang=fr&redirect-ssocas=7080 |
| 999 |
_c1836379 _d1836379 |
||